|
|
|
|
| LEADER |
01366nam a2200337 a 4500 |
| 001 |
41330 |
| 003 |
BD-DhAAL |
| 005 |
20230725115417.0 |
| 008 |
230725t2003 nyuab b 001 0 eng |
| 010 |
|
|
|a 2002728305
|
| 020 |
|
|
|a 0471389145 (acidfree paper)
|
| 040 |
|
|
|a DLC
|c DLC
|d DLC
|d BD-DhAAL
|
| 050 |
0 |
0 |
|a GE105
|b .B68 2003
|
| 082 |
0 |
0 |
|a 363.7
|2 22
|
| 100 |
1 |
|
|a Botkin, Daniel B.
|9 55209
|
| 245 |
1 |
0 |
|a Environmental science :
|b earth as a living planet /
|c Daniel B. Botkin, Edward A. Keller ; with assistance from Dorothy B. Rosenthal ... [et al.].
|
| 250 |
|
|
|a Forth edition
|
| 260 |
|
|
|a New York :
|b Wiley,
|c c2003.
|
| 300 |
|
|
|a xxvi, 668 pages :
|b ill. (some col.), col. maps ;
|c 29 cm.
|
| 504 |
|
|
|a Includes bibliographical references and indexes.
|
| 541 |
|
|
|a Donated by Akbar Ali khan
|e 41330
|
| 650 |
|
0 |
|a Environmental sciences.
|
| 650 |
|
0 |
|a Environmental sciences
|v Case studies.
|9 55210
|
| 650 |
|
0 |
|a Human ecology.
|
| 650 |
|
0 |
|a Biodiversity.
|
| 650 |
|
0 |
|a Sustainable development.
|
| 700 |
1 |
|
|a Keller, Edward A.,
|d 1942-
|9 55211
|
| 852 |
|
|
|a Ayesha Abed Library
|c Akbar Ali Khan Collection
|
| 942 |
|
|
|2 ddc
|c BK
|
| 999 |
|
|
|c 46031
|d 46031
|
| 952 |
|
|
|0 0
|1 0
|2 ddc
|4 0
|6 363_700000000000000_BOT
|7 1
|9 74128
|a BRACUL
|b BRACUL
|c AAKC
|d 2023-07-25
|e Donated by Akbar Ali Khan
|g 810.00
|l 0
|o 363.7 BOT
|p 3010041330
|r 2023-07-25
|t 1
|w 2023-07-25
|y BK
|x Price available in book.
|